书目信息 |
| 题名: |
透视“建筑学”
|
|
| 作者: | 王绍森 著 | |
| 分册: | ||
| 出版信息: | 北京 科学出版社 2000 |
|
| 页数: | 113页 | |
| 开本: | 20cm | |
| 丛书名: | ||
| 单 册: | ||
| 中图分类: | TU-80 | |
| 科图分类: | ||
| 主题词: | 建筑艺术--理论 , 建筑学--研究--教材 | |
| 电子资源: | ||
| ISBN: | 7-03-008680-5 | |
| 000 | 00709nam0 2200229 45 | |
| 001 | 0204170814 | |
| 005 | 20031219104054.7 | |
| 010 | @a7-03-008680-5@dCNY16.00 | |
| 100 | @a20020417d2000 km y0chiy0120 ea | |
| 101 | 0 | @achi |
| 105 | @a z 000yy | |
| 200 | 1 | @a透视“建筑学”@ATou Shi“Jian Zhu Xue”@e建筑艺术导论@EJian Zhu Yi ShuDao Lun@f王绍森著@FWang Shao Sen Zhu |
| 210 | @a北京@c科学出版社@d2000 | |
| 215 | @a113页@c插图,图版@d20cm | |
| 300 | @a高等院校选用教材系列 | |
| 517 | @a建筑艺术导论@AJian Zhu Yi Shu Dao Lun | |
| 606 | 0 | @a建筑艺术@x理论 |
| 606 | 0 | @a建筑学@x研究@x教材 |
| 690 | @aTU-80@v4 | |
| 701 | 0 | @a王绍森@4著 |
| 801 | @aCN@bTSTC@c20020417 | |
| 905 | @b308543-557@dTU-80@e27@f15 | |
| 透视“建筑学”:建筑艺术导论/王绍森著.-北京:科学出版社,2000 |
| 113页:插图,图版;20cm |
| 高等院校选用教材系列 |
| ISBN 7-03-008680-5:CNY16.00 |
| ● |
| 相关链接 |
|
|
|
|
正题名:透视"建筑学"
索取号:TU-80/27
 
预约/预借
| 序号 | 登录号 | 条形码 | 馆藏地/架位号 | 状态 | 备注 |
| 1 | 0308543 | 203085437 | 第三借阅区/ [索取号:TU-80/27] | 在馆 | |
| 2 | 0308544 | 203085446 | 第三借阅区/ [索取号:TU-80/27] | 在馆 | |
| 3 | 0308545 | 203085455 | 第三借阅区/ [索取号:TU-80/27] | 在馆 | |
| 4 | 0308546 | 203085464 | 第三借阅区/ [索取号:TU-80/27] | 在馆 | |
| 5 | 0308547 | 203085473 | 第三借阅区/ [索取号:TU-80/27] | 在馆 | |
| 6 | 0308548 | 203085482 | 第三借阅区/ [索取号:TU-80/27] | 在馆 | |
| 7 | 0308549 | 203085491 | 第三借阅区/ [索取号:TU-80/27] | 在馆 | |
| 8 | 0308550 | 203085507 | 第三借阅区/ [索取号:TU-80/27] | 在馆 | |
| 9 | 0308551 | 203085516 | 第三借阅区/ [索取号:TU-80/27] | 在馆 | |
| 10 | 0308552 | 203085525 | 第三借阅区/ [索取号:TU-80/27] | 在馆 | |
| 11 | 0308553 | 203085534 | 第三借阅区/ [索取号:TU-80/27] | 在馆 | |
| 12 | 0308554 | 203085543 | 第三借阅区/ [索取号:TU-80/27] | 在馆 | |
| 13 | 0308555 | 203085552 | 第三借阅区/ [索取号:TU-80/27] | 在馆 | |
| 14 | 0308556 | 203085561 | 第三借阅区/ [索取号:TU-80/27] | 在馆 | |
| 15 | 0308557 | 203085570 | 第二样本阅览室/ [索取号:TU-80/27] | 在馆 | |
| 16 | 0322077 | 203220772 | 第三借阅区/ [索取号:TU-80/27] | 在馆 | |
| 17 | 0322078 | 203220781 | 第三借阅区/ [索取号:TU-80/27] | 在馆 | |
| 18 | 0322079 | 203220790 | 第三借阅区/ [索取号:TU-80/27] | 在馆 |